000 00784nam a2200181Ia 4500
008 090123s9999 xx 000 0 und d
082 _b22474
100 _aराजाध्यक्ष विजया
245 _aमर्ढेकरांची कविता स्वरुप आणि संदर्भ
250 _a1
260 _bमौज प्रि.ब्यूरो
_c1991
300 _a262
600 _aराजाध्यक्ष विजया
630 _aमर्ढेकरांची कविता स्वरुप आणि संदर्भ
700 _aराजाध्यक्ष विजया
730 _aमर्ढेकरांची कविता स्वरुप आणि संदर्भ
942 _cBOOK
999 _c60546
_d60546